Guía mediterránea de recursos para los inmigrantes
Descripción Física:
170 p. ; 24 cm
MARC
| LEADER | 00000nam a2200000Ia 4500 | ||
|---|---|---|---|
| 001 | 13156 | ||
| 008 | 160829s9999 xx 000 0 cat d | ||
| 080 | |a M-3-414 | ||
| 245 | |a Guía mediterránea de recursos para los inmigrantes | ||
| 260 | |a Valencia, etc : |b Generalitat Valenciana etc, Dl. 2000 | ||
| 300 | |a 170 p. ; |c 24 cm | ||
| 590 | |a A la part superior de la portada : ' Rainbow : programa de ayuda integral al inmigrante'. | ||
| 590 | |a Al document : Equipo Técnico: Junta de Andalucía, Diputació de Barcelona, Generalitat Valenciana, Consell Insular de Mallorca i Región de Murcia . | ||
| 590 | |a Conté: Llei Orgànica 4/2000 de 11 de gener, sobre drets i llibertats dels extrangers a Espanya i la seva integració social. | ||
| 650 | |a Immigrants |x Condicions socials |9 36196 | ||
| 650 | |a Immigrants |x Assistència institucional |9 37476 | ||
| 650 | |a Immigrants |x Drets civils |9 37477 | ||
| 901 | |a Arxiu | ||
| 942 | |n 1 | ||
| 952 | |0 0 |1 0 |4 0 |6 M3414 |7 1 |9 47890 |a Arxiu |b Arxiu |d 2016-12-01 |l 0 |o M-3-414 |p 13156 |r 2016-12-01 00:00:00 |w 2016-12-01 |y ARXIU | ||
| 999 | |c 51690 |d 51690 | ||